Tous les sites UNESCO de Suisse sur une carte - Statistiques

Statistiques générales
  • Ce quiz a été pris 138 fois
  • Le résultat moyen est 9 sur 13
Réponses sur la Carte
Les réponses sont colorées sur une échelle allant du rouge au vert en fonction du pourcentage des utilisateurs qui les ont devinées à leur premier essai. Vous pouvez retrouver ces pourcentages ci-dessous.
 
Statistiques - réponses
Réponse % Correct
Vieille ville de Berne
89%
Chemin de fer rhétique dans les paysages de l’Albula et de la Bernina
80%
Abbaye de St-Gall
78%
La Chaux-de-Fonds / Le Locle, urbanisme horloger
78%
L’Œuvre architecturale de Le Corbusier, une contribution exceptionnelle au Mouvement Moderne
77%
Lavaux, vignoble en terrasses
76%
Sites palafittiques préhistoriques autour des Alpes
70%
Monte San Giorgio
62%
Trois châteaux, muraille et remparts du bourg de Bellinzone
59%
Alpes suisses Jungfrau-Aletsch
58%
Forêts primaires et anciennes de hêtres des Carpates et d’autres régions d’Europe
54%
Haut lieu tectonique suisse Sardona
39%
Couvent bénédictin Saint-Jean-des-Sœurs à Müstair
37%
Aucun quiz correspondant
Distribution des résultats
% des personnes avec chaque résultat
Percentile par nombre de réponses
Votre historique - résultats
Vous n’avez pas pris ce quiz